Rong sống bám trên thực vật nổi ở vùng Cần Thơ

Đã lưu trong:
Sonraí Bibleagrafaíochta
Príomhúdar: Trần Ngọc Hoàng
Formáid: Leabhar
Teanga:Undetermined
Foilsithe: Cần Thơ Viện Đại Học Cần Thơ - Đại Học Khoa Học - Ban Vạn Vật Học 1974
Ábhair:
Clibeanna: Cuir Clib Leis
Gan Chlibeanna, Bí ar an gcéad duine leis an taifead seo a chlibeáil!
Thư viện lưu trữ: Trung tâm Học liệu Trường Đại học Cần Thơ
LEADER 00616nam a2200181Ia 4500
001 CTU_33700
008 210402s9999 xx 000 0 und d
082 |a 579.8 
082 |b H407 
100 |a Trần Ngọc Hoàng 
245 0 |a Rong sống bám trên thực vật nổi ở vùng Cần Thơ 
245 0 |c Trần Ngọc Hoàng 
260 |a Cần Thơ 
260 |b Viện Đại Học Cần Thơ - Đại Học Khoa Học - Ban Vạn Vật Học 
260 |c 1974 
650 |a phytoplankton 
904 |i Minh, 991105 
980 |a Trung tâm Học liệu Trường Đại học Cần Thơ